|
|
|
|
| LEADER |
00884nam a2200229 a 4500 |
| 001 |
823390 |
| 008 |
090513s1998 ph a b 100 0 eng d |
| 020 |
|
|
|a 9712201015
|
| 040 |
|
|
|a DJB
|c DJB
|d AGL
|
| 082 |
0 |
4 |
|a 633.18/9/58
|2 21
|
| 245 |
1 |
0 |
|a Allelopathy in rice /
|c edited by M. Olofsdotter.
|
| 260 |
|
|
|a Manila, Philippines :
|b IRRI,
|c 1998.
|
| 300 |
|
|
|a vii, 154 p. :
|b ill. ;
|c 23 cm.
|
| 500 |
|
|
|a Workshop held 25-27 November 1996, at IRRI.
|
| 541 |
1 |
|
|e 00007279
|
| 650 |
|
0 |
|a Rice
|x Weed control.
|
| 650 |
|
0 |
|a Allelopathy.
|
| 650 |
|
0 |
|a Rice
|x Breeding.
|
| 700 |
1 |
|
|a Olofsdotter, M.
|
| 852 |
4 |
|
|a Ayesha Abed Library
|j Generalshelf
|
| 999 |
|
|
|c 652
|d 652
|
| 952 |
|
|
|0 0
|1 0
|2 ddc
|4 0
|6 633_189580000000000_ALL_1998
|7 0
|9 600
|a BRACUL
|b BRACUL
|c GEN
|d 2009-05-13
|g 0.00
|l 0
|o 633.18958 ALL
|p 3010007279
|r 2009-05-13
|t 1
|w 2009-05-13
|y BK
|x No price found in the accession register.
|